000 00348nam a2200145Ia 4500
003 GCL
008 140319s9999 xx 000 0 ara d
040 _aGCL /
_cGCL
082 0 4 _aكاسيت ق
_b174
245 1 0 _aسفر التكوين
260 _a[S.N] :
_bلا يوجد
490 _a
650 0 4 _aالكتاب المقدس
942 _2ddc
_cBK
999 _c34290
_d34290